000 01592cam a2200361 a 4500
001 16042083
003 OSt
005 20260122104206.0
008 100106s2010 ilu b 000 0 eng
010 _a 2010000189
020 _a9780830837342
_qpbk. : alk. paper
020 _a0830837345
_qpbk. : alk. paper
035 _a16042083
035 _a(OCoLC)460060921
040 _aDLC
_cDLC
_dYDX
_dYDXCP
_dDLC
050 0 0 _aBV652.2
_b.E54 2010
082 0 0 _a253/.7
_222
100 1 _aEngelmann, Kim.
245 1 0 _aSoul-shaping small groups :
_ba refreshing approach for exasperated leaders /
_cKim V. Engelmann ; foreword by John Ortberg.
260 _aDowners Grove, Ill. :
_bIVP Connect,
_cc2010.
300 _a128 p. ;
_c21 cm.
336 _atext
_btxt
_2rdacontent
337 _aunmediated
_bn
_2rdamedia
338 _avolume
_bnc
_2rdacarrier
504 _aIncludes bibliographical references.
505 0 _aConfessions of a small group deviant -- How small groups can lead to spiritual stagnation -- Moving into the presence of God -- Building a praying community -- A new kind of small group -- Creating Emmaus road groups -- Invitational exercises -- Sharing and praying for others -- Listening -- Interceding for others -- Befriending scripture -- Community, celebration, and service.
650 0 _aChurch group work.
650 0 _aSmall groups.
906 _a7
_bcbc
_corignew
_d1
_eecip
_f20
_gy-gencatlg
942 _2lcc
_cBK
999 _c21115
_d21114